Highest scoring triple doubles in NBA history - Statistics

General Stats
  • This quiz has been taken 43 times
  • The average score is 5 of 10
Answer Stats
Hint Answer % Correct
61 10 10 Nikola Jokic
95%
53 32 14 Wilt chamberlain
76%
51 29 11 Wilt chamberlain
76%
60 10 11 James Harden
62%
53 16 17 James Harden
62%
51 13 13 James Harden
62%
60 21 10 Luka Doncic
49%
52 25 10 Elgin Baylor
19%
57 13 11 Russel Westbrook
5%
51 13 10 Russel Westbrook
5%
No matching quizzes found
Score Distribution
Percent of People with Each Score
Percentile by Number Answered
Your Score History
You have not taken this quiz